Statistiques concernant Les personnages de Gone

Cliquez ici pour prendre le quiz!

Statistiques générales

  • Ce quiz a été pris 43 fois
  • Le résultat moyen est 16 sur 32

Statistiques - réponses

HintRéponse% Correct
1Samuel
96%
3Astrid Ellison
93%
4Diana Ladris
78%
6Drake Merwin
74%
7Peter Michael Ellison
74%
2Caine Soren
70%
16Quinn Gaither
70%
11Brianna Tation
67%
5Lana Arwen Lazar
67%
8Albert Hillsborough
63%
12Charles Merriman

59%
10Dekka Talent
59%
13Jack
59%
9Edilio Escobar
56%
21Taylor
56%
24Mary Terrafino
52%
22Hunter
52%
20Howard Bassem
48%
23Penny
48%
26Zil Sperry
44%
25John Terrafino
37%
17Sanjit Brattle-Chance
37%
19Toto
37%
29Tyler / Bug
37%
28Duck Zhang
33%
15Brittney Donegal
30%
18Dahra Baidoo
30%
31Connie Temple
26%
14l'Ombre
22%
32Roger
22%
27Orsay Pettijohn
19%
30Bradley / Cigare
15%

Distribution des résultats

Percentile par nombre de réponses

% des personnes avec chaque résultat

Votre développement - résultats

Vous n’avez pas pris ce quiz